000
002310000a22000970004500
100
1
_a
Carrillo, Pablo
245
1
0
_a
Girls lead peace efford in Colombia
300
_a
Núm 58 (1998), Páginas 20-23
773
0
_t
Together
942
_c
ANA
999
_c
57130
_d
57130